Catalog

Record Details

Catalog Search



A Life-Course Perspective on Migration and Integration Cover Image E-book E-book

A Life-Course Perspective on Migration and Integration [electronic resource] / edited by Matthias Wingens, Michael Windzio, Helga de Valk, Can Aybek.

Wingens, Matthias. (Author). Windzio, Michael. (Added Author). de Valk, Helga. (Added Author). Aybek, Can. (Added Author). SpringerLink (Online service) (Added Author).

Record details

  • ISBN: 9789400715455
  • Physical Description: VI, 297p. 24 illus. digital.
  • Publisher: Dordrecht : Springer Netherlands, 2011.
Subject: Social sciences.
Sociology.
Migration.
Social Sciences.
Migration.
Sociology.

Electronic resources


LDR 01232nam a22003735i 4500
0016489
003CONS
00520121026163336.0
007cr nn 008mamaa
008110713s2011 ne | s |||| 0|eng d
020 . ‡a9789400715455 ‡9978-94-007-1545-5
0247 . ‡a10.1007/978-94-007-1545-5 ‡2doi
035 . ‡a(DE-He213)978-94-007-1545-5
050 4. ‡aGN370
050 4. ‡aHB1951-2577
072 7. ‡aJFFN ‡2bicssc
072 7. ‡aSOC007000 ‡2bisacsh
1001 . ‡aWingens, Matthias.
24512. ‡aA Life-Course Perspective on Migration and Integration ‡h[electronic resource] / ‡cedited by Matthias Wingens, Michael Windzio, Helga de Valk, Can Aybek.
260 . ‡aDordrecht : ‡bSpringer Netherlands, ‡c2011.
300 . ‡aVI, 297p. 24 illus. ‡bdigital.
650 0. ‡aSocial sciences.
650 0. ‡aSociology.
650 0. ‡aMigration.
65014. ‡aSocial Sciences.
65024. ‡aMigration.
65024. ‡aSociology.
7001 . ‡aWindzio, Michael.
7001 . ‡ade Valk, Helga.
7001 . ‡aAybek, Can.
7102 . ‡aSpringerLink (Online service)
7730 . ‡tSpringer eBooks
77608. ‡iPrinted edition: ‡z9789400715448
85640. ‡uhttp://dx.doi.org/10.1007/978-94-007-1545-5 ‡9CONS
950 . ‡aHumanities, Social Sciences and Law (Springer-11648)
901 . ‡a6489 ‡b ‡c6489 ‡tbiblio ‡sSystem Local

Additional Resources